[Event "DVM U10 2016"]
[Site "Magdeburg GER"]
[Date "2016.12.29"]
[Round "6"]
[White "Haugner, Quentin"]
[Black "Maul, Maik"]
[Result "1/2-1/2"]
[Termination "normal"]
[Board "5.3"]
[WhiteElo "1012"]
[BlackElo "1356"]
[WhiteClock "00:06:18"]
[BlackClock "00:00:00"]
[WhiteTeam "SV Dresden-Striesen"]
[BlackTeam "Hagener SV 1"]
[PlyCount "192"]
[BlackFideId "16204816"]
[EventCountry "GER"]
[EventRounds "7"]
[EventType "team-swiss"]
[EventDate "2016.12.27"]

1. e4 {[%clk 0:59:56]} d5 {[%clk 0:59:30]} 2. Nc3 {[%clk 0:59:26]} dxe4 {[%clk
0:59:04]} 3. Nxe4 {[%clk 0:59:16]} Bf5 {[%clk 0:58:47]} 4. Nc3 {[%clk 0:59:02]}
e6 {[%clk 0:58:12]} 5. Nf3 {[%clk 0:58:50]} c6 {[%clk 0:56:41]} 6. Bc4 {[%clk
0:58:14]} Nd7 {[%clk 0:55:11]} 7. O-O {[%clk 0:57:57]} Qc7 {[%clk 0:54:19]} 8.
d3 {[%clk 0:57:09]} Bd6 {[%clk 0:53:55]} 9. g3 {[%clk 0:56:07]} Ngf6 {[%clk
0:53:29]} 10. Bg5 {[%clk 0:55:33]} O-O {[%clk 0:53:04]} 11. Re1 {[%clk
0:54:39]} h6 {[%clk 0:45:18]} 12. Bxf6 {[%clk 0:54:07]} Nxf6 {[%clk 0:45:11]}
13. d4 {[%clk 0:51:45]} Rad8 {[%clk 0:40:14]} 14. Bd3 {[%clk 0:50:52]} Bg4
{[%clk 0:36:13]} 15. Ne4 {[%clk 0:49:45]} Be7 {[%clk 0:29:34]} 16. Nxf6+ {[%clk
0:49:29]} Bxf6 17. Be4 {[%clk 0:49:10]} Bxf3 {[%clk 0:28:21]} 18. Qxf3 {[%clk
0:48:45]} Bxd4 {[%clk 0:27:50]} 19. c3 {[%clk 0:48:24]} Bf6 {[%clk 0:27:00]}
20. Red1 {[%clk 0:48:02]} Qb6 {[%clk 0:23:04]} 21. Rab1 {[%clk 0:46:11]} Rxd1+
{[%clk 0:22:47]} 22. Qxd1 {[%clk 0:45:50]} Rd8 {[%clk 0:22:20]} 23. Qe1 {[%clk
0:45:12]} h5 {[%clk 0:19:51]} 24. Qe2 {[%clk 0:44:14]} g6 {[%clk 0:18:31]} 25.
Qc2 {[%clk 0:43:46]} Qc7 {[%clk 0:17:40]} 26. a4 {[%clk 0:42:25]} Qd7 {[%clk
0:16:54]} 27. b3 {[%clk 0:41:20]} Qd2 {[%clk 0:16:37]} 28. Bxg6 {[%clk
0:39:39]} h4 {[%clk 0:15:27]} 29. Qxd2 {[%clk 0:35:25]} Rxd2 {[%clk 0:15:11]}
30. Be4 {[%clk 0:34:47]} hxg3 {[%clk 0:14:56]} 31. fxg3 {[%clk 0:34:28]} Bxc3
{[%clk 0:14:32]} 32. Rc1 {[%clk 0:32:08]} Bd4+ {[%clk 0:13:46]} 33. Kf1 {[%clk
0:31:41]} Rxh2 {[%clk 0:13:13]} 34. Rd1 {[%clk 0:31:19]} e5 {[%clk 0:11:47]}
35. g4 {[%clk 0:30:26]} Kg7 {[%clk 0:10:47]} 36. Rd3 {[%clk 0:29:26]} Rh4
{[%clk 0:09:26]} 37. Bf5 {[%clk 0:28:53]} c5 {[%clk 0:08:54]} 38. Kg2 {[%clk
0:27:50]} a6 {[%clk 0:08:04]} 39. Rh3 {[%clk 0:27:25]} Rxh3 {[%clk 0:07:53]}
40. Kxh3 {[%clk 0:27:16]} b5 {[%clk 0:07:40]} 41. axb5 {[%clk 0:27:05]} axb5
{[%clk 0:07:31]} 42. Bd3 {[%clk 0:26:26]} b4 {[%clk 0:06:57]} 43. Kh4 {[%clk
0:25:41]} f6 {[%clk 0:06:22]} 44. Kh5 {[%clk 0:25:28]} Be3 {[%clk 0:05:38]} 45.
Kh4 {[%clk 0:24:59]} Kh6 {[%clk 0:05:20]} 46. Kg3 {[%clk 0:24:46]} Kg5 {[%clk
0:05:00]} 47. Kf3 {[%clk 0:24:31]} Bf4 {[%clk 0:04:51]} 48. Be4 {[%clk
0:23:53]} Kh4 {[%clk 0:04:30]} 49. Bd3 {[%clk 0:23:06]} Kg5 {[%clk 0:04:17]}
50. Bc2 {[%clk 0:22:45]} Kh4 {[%clk 0:04:12]} 51. Bb1 {[%clk 0:22:15]} Kh3
{[%clk 0:04:05]} 52. Bd3 Kh2 53. Be2 {[%clk 0:21:31]} Kh3 {[%clk 0:03:44]} 54.
Ke4 {[%clk 0:21:03]} Kg2 {[%clk 0:03:23]} 55. Bd1 {[%clk 0:20:14]} Kg3 {[%clk
0:02:56]} 56. Kf5 {[%clk 0:19:58]} Bg5 {[%clk 0:02:27]} 57. Ke4 {[%clk
0:19:29]} Kf2 {[%clk 0:02:20]} 58. Kd5 {[%clk 0:19:13]} Be3 {[%clk 0:02:16]}
59. Ke4 {[%clk 0:18:38]} Bg5 {[%clk 0:02:12]} 60. Kf5 {[%clk 0:18:24]} Ke3
{[%clk 0:02:05]} 61. Ke6 {[%clk 0:17:32]} Kd4 {[%clk 0:02:01]} 62. Be2 {[%clk
0:17:11]} Kc3 {[%clk 0:01:51]} 63. Kd5 {[%clk 0:16:50]} Kxb3 {[%clk 0:01:38]}
64. Kxc5 {[%clk 0:16:42]} Kc3 {[%clk 0:01:34]} 65. Bf3 {[%clk 0:15:53]} b3
{[%clk 0:01:31]} 66. Be4 {[%clk 0:15:37]} b2 {[%clk 0:01:22]} 67. Kd6 {[%clk
0:15:03]} Kd2 {[%clk 0:01:20]} 68. Ke6 {[%clk 0:14:45]} b1=Q 69. Bxb1 {[%clk
0:14:34]} Ke3 {[%clk 0:01:12]} 70. Bf5 {[%clk 0:14:18]} Kf4 {[%clk 0:01:09]}
71. Kd5 {[%clk 0:13:42]} e4 {[%clk 0:01:02]} 72. Kd4 {[%clk 0:13:13]} e3 {[%clk
0:00:56]} 73. Kd3 {[%clk 0:12:59]} Kf3 {[%clk 0:00:54]} 74. Kc2 {[%clk
0:11:54]} e2 {[%clk 0:00:48]} 75. Kd3 {[%clk 0:11:16]} e1=Q {[%clk 0:00:42]}
76. Kd4 {[%clk 0:10:57]} Qd2+ {[%clk 0:00:37]} 77. Bd3 {[%clk 0:10:41]} Qf4+
{[%clk 0:00:35]} 78. Kc3 {[%clk 0:10:25]} Qxg4 {[%clk 0:00:31]} 79. Kc2 {[%clk
0:09:59]} Qd4 {[%clk 0:00:26]} 80. Bb5 {[%clk 0:09:37]} Qd2+ {[%clk 0:00:23]}
81. Kb3 {[%clk 0:09:28]} Qd5+ {[%clk 0:00:19]} 82. Kb4 {[%clk 0:09:20]} Qxb5+
{[%clk 0:00:17]} 83. Kxb5 {[%clk 0:09:11]} Ke4 {[%clk 0:00:15]} 84. Kc4 {[%clk
0:08:57]} f5 {[%clk 0:00:15]} 85. Kc3 {[%clk 0:08:48]} Ke3 {[%clk 0:00:13]} 86.
Kc2 {[%clk 0:08:32]} Bh4 {[%clk 0:00:12]} 87. Kc3 {[%clk 0:08:20]} f4 {[%clk
0:00:11]} 88. Kc4 {[%clk 0:08:09]} f3 {[%clk 0:00:11]} 89. Kd5 {[%clk 0:07:58]}
f2 {[%clk 0:00:10]} 90. Ke5 {[%clk 0:07:44]} f1=Q {[%clk 0:00:08]} 91. Kd5
{[%clk 0:07:32]} Qb5+ {[%clk 0:00:04]} 92. Ke6 {[%clk 0:07:15]} Ke4 {[%clk
0:00:03]} 93. Kd6 {[%clk 0:07:01]} Qd5+ {[%clk 0:00:02]} 94. Kc7 {[%clk
0:06:45]} Qe6 {[%clk 0:00:02]} 95. Kb7 {[%clk 0:06:34]} Kd5 {[%clk 0:00:01]}
96. Kc7 {[%clk 0:06:18]} Kc5 {[%clk 0:00:00]} 1/2-1/2

[Event "DVM U10 2016"]
[Site "Magdeburg GER"]
[Date "2016.12.29"]
[Round "6"]
[White "Glasmeyer, Jannis"]
[Black "Meyer-Deharde, Mattis"]
[Result "1-0"]
[Termination "normal"]
[Board "5.4"]
[WhiteElo "802"]
[BlackElo "866"]
[WhiteClock "00:50:28"]
[BlackClock "00:45:47"]
[WhiteTeam "Hagener SV 1"]
[BlackTeam "SV Dresden-Striesen"]
[PlyCount "57"]
[WhiteFideId "16231023"]
[EventCountry "GER"]
[EventRounds "7"]
[EventType "team-swiss"]
[EventDate "2016.12.27"]

1. d4 {[%clk 0:59:59]} d5 {[%clk 0:59:53]} 2. Nc3 {[%clk 0:59:56]} Nf6 {[%clk
0:59:46]} 3. Bf4 {[%clk 0:59:49]} Bf5 {[%clk 0:59:36]} 4. Nb5 {[%clk 0:59:42]}
e5 {[%clk 0:58:31]} 5. Bxe5 {[%clk 0:59:25]} Bd6 {[%clk 0:58:22]} 6. Bxd6
{[%clk 0:59:12]} cxd6 {[%clk 0:58:14]} 7. e3 {[%clk 0:58:45]} O-O {[%clk
0:57:51]} 8. Qf3 {[%clk 0:58:32]} Be4 {[%clk 0:57:27]} 9. Qf4 {[%clk 0:57:55]}
Bxc2 {[%clk 0:56:25]} 10. Nxd6 {[%clk 0:57:26]} Qa5+ {[%clk 0:56:07]} 11. Ke2
{[%clk 0:57:05]} Qa6+ {[%clk 0:55:01]} 12. Kf3 {[%clk 0:56:56]} Be4+ {[%clk
0:54:50]} 13. Nxe4 {[%clk 0:56:35]} dxe4+ {[%clk 0:54:39]} 14. Kg3 {[%clk
0:56:25]} Nh5+ {[%clk 0:54:27]} 15. Kg4 {[%clk 0:56:12]} Qg6+ {[%clk 0:53:38]}
16. Qg5 {[%clk 0:55:55]} f5+ {[%clk 0:53:28]} 17. Kh4 {[%clk 0:55:31]} Qxg5+
{[%clk 0:51:59]} 18. Kxg5 {[%clk 0:55:10]} g6 {[%clk 0:51:34]} 19. f4 {[%clk
0:54:55]} Kg7 {[%clk 0:50:57]} 20. Kh4 {[%clk 0:54:35]} Nd7 {[%clk 0:50:17]}
21. Be2 {[%clk 0:54:21]} Rf6 {[%clk 0:49:53]} 22. Bxh5 {[%clk 0:54:09]} gxh5
{[%clk 0:49:44]} 23. Rc1 {[%clk 0:52:50]} Nf8 24. Rc7+ Kh6 {[%clk 0:48:26]} 25.
Nh3 {[%clk 0:51:47]} Ng6+ {[%clk 0:47:38]} 26. Kg3 {[%clk 0:51:31]} Rg8 {[%clk
0:47:19]} 27. Ng5 {[%clk 0:50:59]} h4+ {[%clk 0:46:25]} 28. Kf2 {[%clk
0:50:28]} Rb6 {[%clk 0:45:47]} 29. Rxh7# 1-0

[Event "DVM U10 2016"]
[Site "Magdeburg GER"]
[Date "2016.12.29"]
[Round "6"]
[White "Lerchl, Clemens"]
[Black "Wiedersich, Hendryk"]
[Result "1-0"]
[Termination "normal"]
[Board "6.1"]
[WhiteElo "1499"]
[BlackElo "1374"]
[WhiteClock "00:15:42"]
[BlackClock "00:36:00"]
[WhiteTeam "SC Vaterstetten"]
[BlackTeam "SV Dresden-Leuben"]
[PlyCount "87"]
[WhiteFideId "16226372"]
[BlackFideId "16255399"]
[EventCountry "GER"]
[EventRounds "7"]
[EventType "team-swiss"]
[EventDate "2016.12.27"]

1. e4 {[%clk 0:59:59]} e6 {[%clk 0:59:55]} 2. d4 {[%clk 0:59:54]} d5 {[%clk
0:59:50]} 3. exd5 {[%clk 0:59:49]} exd5 {[%clk 0:59:44]} 4. c4 {[%clk 0:59:44]}
Nf6 {[%clk 0:58:47]} 5. Nf3 {[%clk 0:59:25]} Nc6 {[%clk 0:58:39]} 6. Be2 {[%clk
0:59:10]} Bb4+ {[%clk 0:57:52]} 7. Nc3 {[%clk 0:59:03]} Ne4 {[%clk 0:57:43]} 8.
Bd2 {[%clk 0:57:47]} Nxd2 {[%clk 0:56:58]} 9. Qxd2 {[%clk 0:57:39]} Be6 {[%clk
0:56:07]} 10. a3 {[%clk 0:57:01]} Be7 {[%clk 0:55:49]} 11. c5 {[%clk 0:55:51]}
Bf6 {[%clk 0:55:16]} 12. O-O {[%clk 0:54:11]} Ne7 {[%clk 0:54:54]} 13. Rfe1
{[%clk 0:52:27]} O-O {[%clk 0:54:26]} 14. b4 {[%clk 0:51:26]} c6 {[%clk
0:53:37]} 15. Rab1 {[%clk 0:48:52]} Bg4 {[%clk 0:53:27]} 16. b5 {[%clk
0:47:51]} Rb8 {[%clk 0:52:48]} 17. b6 {[%clk 0:47:06]} a6 {[%clk 0:51:12]} 18.
Rbd1 {[%clk 0:45:15]} Bxf3 {[%clk 0:50:54]} 19. Bxf3 {[%clk 0:44:01]} Nf5
{[%clk 0:50:44]} 20. Qf4 {[%clk 0:43:08]} g6 {[%clk 0:49:13]} 21. Bg4 {[%clk
0:42:05]} Bg5 {[%clk 0:49:05]} 22. Qe5 {[%clk 0:39:11]} Bf6 {[%clk 0:47:40]}
23. Qf4 {[%clk 0:39:05]} Ng7 {[%clk 0:45:47]} 24. Rb1 {[%clk 0:38:02]} Re8
{[%clk 0:45:25]} 25. Rxe8+ {[%clk 0:36:04]} Qxe8 {[%clk 0:45:11]} 26. Qxf6
{[%clk 0:35:31]} h5 {[%clk 0:44:39]} 27. Bf3 {[%clk 0:34:34]} Qd7 {[%clk
0:44:34]} 28. Qf4 {[%clk 0:32:21]} Re8 {[%clk 0:43:54]} 29. h3 {[%clk 0:31:21]}
Ne6 {[%clk 0:43:28]} 30. Qd2 {[%clk 0:30:54]} Re7 {[%clk 0:43:18]} 31. Re1
{[%clk 0:27:08]} Qe8 {[%clk 0:42:56]} 32. Re2 {[%clk 0:25:01]} Kg7 {[%clk
0:42:26]} 33. g3 {[%clk 0:23:28]} f6 {[%clk 0:42:05]} 34. Bg2 {[%clk 0:21:29]}
Kh7 {[%clk 0:41:27]} 35. Qe1 {[%clk 0:20:53]} Kg7 {[%clk 0:41:12]} 36. Bxd5
{[%clk 0:17:35]} cxd5 {[%clk 0:39:25]} 37. Nxd5 {[%clk 0:17:25]} Kf7 {[%clk
0:39:14]} 38. Nxe7 {[%clk 0:17:17]} Qxe7 {[%clk 0:39:10]} 39. d5 {[%clk
0:17:04]} Qxc5 {[%clk 0:38:37]} 40. dxe6+ {[%clk 0:16:34]} Ke7 {[%clk 0:38:21]}
41. Qd1 {[%clk 0:16:15]} Qc6 {[%clk 0:36:38]} 42. Qd7+ {[%clk 0:15:52]} Qxd7
{[%clk 0:36:31]} 43. exd7+ {[%clk 0:15:47]} Kxd7 {[%clk 0:36:00]} 44. Rc2
{[%clk 0:15:42]} 1-0

[Event "DVM U10 2016"]
[Site "Magdeburg GER"]
[Date "2016.12.29"]
[Round "6"]
[White "Phan Trong, Dai"]
[Black "Kraftsik, Christian"]
[Result "0-1"]
[Termination "normal"]
[Board "6.2"]
[WhiteElo "1348"]
[BlackElo "1136"]
[WhiteClock "00:27:30"]
[BlackClock "00:28:05"]
[WhiteTeam "SV Dresden-Leuben"]
[BlackTeam "SC Vaterstetten"]
[PlyCount "85"]
[WhiteFideId "16236939"]
[BlackFideId "16242548"]
[EventCountry "GER"]
[EventRounds "7"]
[EventType "team-swiss"]
[EventDate "2016.12.27"]

1. d4 {[%clk 0:59:59]} Nf6 {[%clk 0:59:57]} 2. c4 {[%clk 0:59:39]} g6 {[%clk
0:59:52]} 3. Nc3 {[%clk 0:59:16]} d6 {[%clk 0:59:48]} 4. Bg5 {[%clk 0:58:53]}
Bg7 {[%clk 0:59:39]} 5. e4 {[%clk 0:58:11]} O-O {[%clk 0:59:20]} 6. Nf3 {[%clk
0:57:52]} h6 {[%clk 0:56:51]} 7. Be3 {[%clk 0:56:39]} e5 {[%clk 0:56:19]} 8.
dxe5 {[%clk 0:55:43]} dxe5 {[%clk 0:56:02]} 9. Rc1 {[%clk 0:54:21]} Nc6 {[%clk
0:54:35]} 10. Be2 {[%clk 0:53:27]} Be6 {[%clk 0:53:51]} 11. O-O {[%clk
0:52:06]} Qe7 {[%clk 0:52:59]} 12. Nd5 {[%clk 0:51:15]} Bxd5 {[%clk 0:51:01]}
13. cxd5 {[%clk 0:51:00]} Rad8 {[%clk 0:49:01]} 14. Bc5 {[%clk 0:50:46]} Qe8
{[%clk 0:48:38]} 15. Bxf8 {[%clk 0:50:28]} Kxf8 {[%clk 0:48:25]} 16. Qa4 {[%clk
0:49:41]} Nd4 {[%clk 0:45:53]} 17. Qxe8+ {[%clk 0:47:57]} Nxe8 {[%clk 0:45:41]}
18. Nxd4 {[%clk 0:47:15]} exd4 {[%clk 0:45:33]} 19. f4 {[%clk 0:45:09]} c6
{[%clk 0:44:32]} 20. dxc6 {[%clk 0:44:04]} bxc6 {[%clk 0:44:22]} 21. Rfd1
{[%clk 0:43:46]} Rb8 {[%clk 0:42:54]} 22. b3 {[%clk 0:42:18]} Rd8 {[%clk
0:41:23]} 23. e5 {[%clk 0:42:02]} g5 {[%clk 0:40:21]} 24. fxg5 {[%clk 0:41:01]}
hxg5 {[%clk 0:40:14]} 25. Rc5 {[%clk 0:40:05]} Nc7 {[%clk 0:39:01]} 26. Rxc6
{[%clk 0:39:40]} Bxe5 {[%clk 0:38:40]} 27. Rc5 {[%clk 0:38:42]} Bf4 {[%clk
0:38:02]} 28. Kh1 {[%clk 0:37:11]} Ne6 {[%clk 0:37:37]} 29. Rf5 {[%clk
0:35:59]} Be3 {[%clk 0:37:05]} 30. Bc4 {[%clk 0:34:46]} Kg7 {[%clk 0:34:44]}
31. Bxe6 {[%clk 0:32:49]} fxe6 {[%clk 0:34:41]} 32. Re5 {[%clk 0:32:47]} Kf6
{[%clk 0:34:07]} 33. Rc5 {[%clk 0:31:35]} e5 {[%clk 0:31:56]} 34. g4 {[%clk
0:30:54]} d3 {[%clk 0:30:57]} 35. Rc6+ {[%clk 0:30:16]} Ke7 {[%clk 0:30:33]}
36. Rc3 {[%clk 0:30:03]} e4 {[%clk 0:29:58]} 37. Rc4 {[%clk 0:29:21]} Rd4
{[%clk 0:29:12]} 38. Rxd4 {[%clk 0:28:37]} Bxd4 {[%clk 0:29:06]} 39. Kg2 {[%clk
0:28:10]} e3 {[%clk 0:28:33]} 40. Kf3 {[%clk 0:27:46]} e2 {[%clk 0:28:20]} 41.
Re1 {[%clk 0:27:30]} Bc3 {[%clk 0:28:05]} 42. Kf2 Bxe1+ 43. Kxe1 0-1

[Event "DVM U10 2016"]
[Site "Magdeburg GER"]
[Date "2016.12.29"]
[Round "6"]
[White "Lerchl, Justus"]
[Black "Hentschel, Lena"]
[Result "1-0"]
[Termination "normal"]
[Board "6.3"]
[WhiteElo "951"]
[BlackElo "1027"]
[WhiteTeam "SC Vaterstetten"]
[BlackTeam "SV Dresden-Leuben"]
[PlyCount "112"]
[WhiteFideId "16240677"]
[BlackFideId "16240324"]
[EventCountry "GER"]
[EventRounds "7"]
[EventType "team-swiss"]
[EventDate "2016.12.27"]

1. e4 e5 2. d4 exd4 3. c3 dxc3 4. Bc4 Bc5 5. Nxc3 d6 6. Qb3 Qf6 7. Nf3 h6 8. e5
dxe5 9. Ne4 Qe7 10. Nxc5 Qxc5 11. Bxf7+ Kf8 12. Bd2 Nc6 13. O-O Nf6 14. Rfe1 b6
15. Nxe5 Nxe5 16. Bb4 Qxb4 17. Qxb4+ Kxf7 18. Rxe5 Re8 19. Rxe8 Kxe8 20. Re1+
Kf7 21. Qe7+ Kg6 22. Qxc7 Bf5 23. Re7 Rg8 24. Qxa7 Rd8 25. Rxg7+ Kh5 26. h3
Rd1+ 27. Kh2 Rd6 28. g4+ Bxg4 29. hxg4+ Nxg4+ 30. Kg3 Rd3+ 31. Kg2 Kh4 32. Qe7+
Kh5 33. Qg5+ hxg5 34. Rf7 Rd2 35. Kg3 Rd3+ 36. Rf3 Rxf3+ 37. Kxf3 Kh4 38. a3
Nh2+ 39. Kg2 Ng4 40. b3 Ne5 41. b4 Nc4 42. a4 Kg4 43. f3+ Kf4 44. Kf2 Ke5 45.
Ke2 Kd4 46. Kf2 Kc3 47. Kg3 Kxb4 48. Kg4 Kxa4 49. Kxg5 b5 50. f4 b4 51. f5 b3
52. f6 b2 53. f7 b1=Q 54. f8=Q Qg1+ 55. Kh6 Ne5 56. Qa8+ Kb4 1/2-1/2

[Event "DVM U10 2016"]
[Site "Magdeburg GER"]
[Date "2016.12.29"]
[Round "6"]
[White "Zöllner, Bente"]
[Black "Hecht, Jonas Christian"]
[Result "1/2-1/2"]
[Termination "normal"]
[Board "7.1"]
[WhiteElo "1402"]
[BlackElo "1381"]
[WhiteTeam "Stader SV 1"]
[BlackTeam "SC Kreuzberg"]
[PlyCount "57"]
[WhiteFideId "16230523"]
[BlackFideId "16214846"]
[EventCountry "GER"]
[EventRounds "7"]
[EventType "team-swiss"]
[EventDate "2016.12.27"]

1. d4 d5 2. Nf3 Nf6 3. Bf4 Bf5 4. e3 Nbd7 5. Bd3 Bxd3 6. cxd3 e6 7. O-O Be7 8.
Nbd2 O-O 9. Rc1 c5 10. Nb3 Rc8 11. dxc5 Nxc5 12. Nxc5 Rxc5 13. Rxc5 Bxc5 14.
Qb3 Qb6 15. Qxb6 Bxb6 16. Rc1 h6 17. Bd6 Re8 18. Bc5 Rc8 19. d4 Ne4 20. b4 Bxc5
21. bxc5 b6 22. c6 Nd6 23. Nd2 Rc7 24. Kf1 Nf5 25. Ke2 Ne7 26. e4 Rxc6 27. Rxc6
Nxc6 28. exd5 exd5 29. Ke3 1/2-1/2

[Event "DVM U10 2016"]
[Site "Magdeburg GER"]
[Date "2016.12.29"]
[Round "6"]
[White "Held, Momme Fredrik"]
[Black "Fuchs, Thomas"]
[Result "1-0"]
[Termination "normal"]
[Board "7.2"]
[WhiteElo "1085"]
[BlackElo "1260"]
[WhiteTeam "SC Kreuzberg"]
[BlackTeam "Stader SV 1"]
[PlyCount "88"]
[WhiteFideId "16237692"]
[BlackFideId "16230574"]
[EventCountry "GER"]
[EventRounds "7"]
[EventType "team-swiss"]
[EventDate "2016.12.27"]

1. e4 c5 2. c3 d6 3. d4 cxd4 4. cxd4 Nf6 5. Nc3 g6 6. Nf3 Bg7 7. Bc4 O-O 8. O-O
Nc6 9. d5 Ne5 10. Nxe5 dxe5 11. f4 exf4 12. Rxf4 Qb6+ 13. Kh1 Bd7 14. e5 Ng4
15. Qd4 Bxe5 16. Qxb6 axb6 17. Rf1 Rfc8 18. Bb3 Nxh2 19. Re1 Bd6 20. Ne4 Ng4
21. Nxd6 exd6 22. Re7 Rc7 23. Bf4 Rac8 24. Kg1 Kf8 25. Re4 Bb5 26. Bxd6+ Kg7
27. Bxc7 Rxc7 28. d6 Rc6 29. d7 Rd6 30. Rd1 Rxd7 31. Rxd7 Bxd7 32. Re7 Be6 33.
Bxe6 Kf6 34. Rxf7+ Kxe6 35. Rxb7 h5 36. Rxb6+ Kf5 37. Rb4 h4 38. Rxg4 Kxg4 39.
a4 h3 40. gxh3+ Kxh3 41. a5 g5 42. a6 g4 43. a7 g3 44. a8=Q Kg4 1-0

[Event "DVM U10 2016"]
[Site "Magdeburg GER"]
[Date "2016.12.29"]
[Round "6"]
[White "Hinz, Paolo"]
[Black "Lieske, Aaron"]
[Result "0-1"]
[Termination "normal"]
[Board "7.3"]
[WhiteElo "1157"]
[BlackElo "1001"]
[WhiteTeam "Stader SV 1"]
[BlackTeam "SC Kreuzberg"]
[PlyCount "74"]
[WhiteFideId "16230540"]
[BlackFideId "16297938"]
[EventCountry "GER"]
[EventRounds "7"]
[EventType "team-swiss"]
[EventDate "2016.12.27"]

1. d4 d5 2. c4 e6 3. Nc3 Nf6 4. Nf3 Nc6 5. Bg5 Bd7 6. e3 Bd6 7. Bd3 h6 8. Bh4
O-O 9. a3 a6 10. Qc2 Be7 11. Bg3 Bd6 12. O-O Na5 13. c5 Bxg3 14. fxg3 Qe7 15.
Rac1 Rfc8 16. Rfe1 Nc4 17. b3 Nxa3 18. Qb2 Nb5 19. Nxb5 Bxb5 20. Bxb5 axb5 21.
b4 Ne4 22. Nd2 Nxd2 23. Qxd2 Ra6 24. Ra1 Rca8 25. Qc3 Qd8 26. Ra5 c6 27. Rea1
Rxa5 28. Rxa5 Rxa5 29. bxa5 Qa8 30. Qb4 Qd8 31. Qa3 Qg5 32. Kf2 Qf5+ 33. Kg1
Qb1+ 34. Kf2 b4 35. a6 bxa3 36. a7 Qc2+ 37. Kf3 Qa4 0-1

[Event "DVM U10 2016"]
[Site "Magdeburg GER"]
[Date "2016.12.29"]
[Round "6"]
[White "Varykhalov, Roman"]
[Black "Jafarzadeh, Aria"]
[Result "0-1"]
[Termination "normal"]
[Board "7.4"]
[WhiteElo "803"]
[BlackElo "932"]
[WhiteTeam "SC Kreuzberg"]
[BlackTeam "Stader SV 1"]
[PlyCount "50"]
[EventCountry "GER"]
[EventRounds "7"]
[EventType "team-swiss"]
[EventDate "2016.12.27"]

1. e4 e5 2. Nf3 Nc6 3. Nc3 Nf6 4. Bc4 Bb4 5. O-O Bxc3 6. bxc3 d6 7. d4 exd4 8.
cxd4 Nxe4 9. Re1 d5 10. Bb5 Bd7 11. Bg5 f6 12. Bd2 O-O 13. c4 dxc4 14. Rxe4 a6
15. Bxc4+ Kh8 16. Qb1 Bf5 17. Bd3 Bxe4 18. Bxe4 Rb8 19. Bxh7 Nxd4 20. Qg6 Nxf3+
21. gxf3 Qxd2 22. Qh5 Qg5+ 23. Qg4 Qxg4+ 24. fxg4 Kxh7 25. Rc1 c6 0-1

[Event "DVM U10 2016"]
[Site "Magdeburg GER"]
[Date "2016.12.29"]
[Round "6"]
[White "Costa, Leonardo"]
[Black "Korek, Jakob Alexander"]
[Result "1-0"]
[Termination "normal"]
[Board "8.1"]
[WhiteElo "1620"]
[BlackElo "1193"]
[WhiteTeam "SK München Südost"]
[BlackTeam "Schachpinguine Berlin"]
[PlyCount "67"]
[WhiteFideId "16213955"]
[BlackFideId "16240022"]
[EventCountry "GER"]
[EventRounds "7"]
[EventType "team-swiss"]
[EventDate "2016.12.27"]

1. e4 e5 2. Nf3 Nc6 3. Bc4 Bc5 4. c3 d6 5. d3 Nf6 6. O-O h6 7. Nbd2 O-O 8. Bb3
Bd7 9. h3 Ne7 10. Re1 a5 11. a3 a4 12. Ba2 Be6 13. Bb1 Ng6 14. Bc2 b5 15. Nf1
Qd7 16. d4 exd4 17. cxd4 Bb6 18. d5 Bxh3 19. gxh3 Qxh3 20. Be3 Qg4+ 21. Ng3
Bxe3 22. Rxe3 Rfe8 23. Nh2 Qd7 24. Nf5 Ne7 25. Nxe7+ Rxe7 26. Kh1 Rae8 27. Qf3
c6 28. Rg1 Kh8 29. Qg2 Rg8 30. Rg3 Nh5 31. Rh3 cxd5 32. Rxh5 Re6 33. exd5 g6
34. Rxh6+ 1-0

[Event "DVM U10 2016"]
[Site "Magdeburg GER"]
[Date "2016.12.29"]
[Round "6"]
[White "Gorodezki, Andrey"]
[Black "Glok, David"]
[Result "1-0"]
[Termination "normal"]
[Board "8.2"]
[WhiteElo "1085"]
[BlackElo "1136"]
[WhiteTeam "Schachpinguine Berlin"]
[BlackTeam "SK München Südost"]
[PlyCount "64"]
[BlackFideId "16226224"]
[EventCountry "GER"]
[EventRounds "7"]
[EventType "team-swiss"]
[EventDate "2016.12.27"]

1. e4 c5 2. Nc3 g6 3. Nf3 Bg7 4. Bc4 d6 5. O-O Nc6 6. d3 h6 7. Be3 Bxc3 8. bxc3
Nf6 9. d4 Nxe4 10. d5 Ne5 11. Nxe5 dxe5 12. Qd3 Bf5 13. Bb5+ Kf8 14. Qc4 Nd6
15. Qxc5 b6 16. Qb4 a5 17. Qa4 e6 18. c4 exd5 19. cxd5 Ra7 20. c4 Bd7 21. Bxd7
Qxd7 22. Qxd7 Rxd7 23. Bxb6 Nxc4 24. Bc5+ Kg7 25. Rfd1 Rc8 26. Be3 Rcd8 27.
Rac1 Nb6 28. Bxb6 Rxd5 29. Bxd8 Rb5 30. a4 Rb4 31. Bxa5 Rxa4 32. Ra1 Rf4 1-0

[Event "DVM U10 2016"]
[Site "Magdeburg GER"]
[Date "2016.12.29"]
[Round "6"]
[White "Neidhold, Moritz"]
[Black "Nguyen, Duc Minh"]
[Result "0-1"]
[Termination "normal"]
[Board "8.3"]
[WhiteElo "1047"]
[BlackElo "851"]
[WhiteTeam "SK München Südost"]
[BlackTeam "Schachpinguine Berlin"]
[PlyCount "58"]
[EventCountry "GER"]
[EventRounds "7"]
[EventType "team-swiss"]
[EventDate "2016.12.27"]

1. e4 e5 2. Nf3 Nc6 3. b3 Bc5 4. Bb2 d6 5. Bb5 Bd7 6. d3 a6 7. Bxc6 Bxc6 8. Nc3
Nf6 9. h3 Qd7 10. O-O O-O-O 11. Qe2 h6 12. Nh4 g6 13. Rae1 Qe7 14. Bc1 Bd7 15.
Na4 Ba7 16. Bd2 g5 17. Nf3 g4 18. Nh2 gxh3 19. Qf3 hxg2 20. Kxg2 Rdg8+ 21. Kh1
h5 22. Rg1 Rxg1+ 23. Rxg1 Rg8 24. Rxg8+ Nxg8 25. Qxh5 Bxf2 26. Bg5 f6 27. Bh4
Ba7 28. Nc3 Qg7 29. Bf2 Bxf2 0-1

[Event "DVM U10 2016"]
[Site "Magdeburg GER"]
[Date "2016.12.29"]
[Round "6"]
[White "Hoffmann, Lucas"]
[Black "Oehring, Claus-Ferdinand"]
[Result "1-0"]
[Termination "normal"]
[Board "8.4"]
[WhiteElo "853"]
[BlackElo "923"]
[WhiteTeam "Schachpinguine Berlin"]
[BlackTeam "SK München Südost"]
[PlyCount "31"]
[EventCountry "GER"]
[EventRounds "7"]
[EventType "team-swiss"]
[EventDate "2016.12.27"]

1. e4 e5 2. Nf3 Nc6 3. Bc4 Bc5 4. Nc3 Nf6 5. d3 d6 6. Bg5 h6 7. Bxf6 Qxf6 8. h3
O-O 9. O-O Be6 10. Bxe6 Qxe6 11. Nd5 Rac8 12. Qd2 Nd4 13. Nxd4 Bxd4 14. c3 Bc5
15. Rad1 Qg6 16. Ne7+ 1-0

[Event "DVM U10 2016"]
[Site "Magdeburg GER"]
[Date "2016.12.29"]
[Round "6"]
[White "Pikalow, Michael"]
[Black "Schulemann, Gero"]
[Result "1/2-1/2"]
[Termination "normal"]
[Board "9.1"]
[WhiteElo "1441"]
[BlackElo "1605"]
[WhiteTeam "USC Magdeburg"]
[BlackTeam "USV Halle"]
[PlyCount "36"]
[WhiteFideId "16227638"]
[BlackFideId "16227646"]
[EventCountry "GER"]
[EventRounds "7"]
[EventType "team-swiss"]
[EventDate "2016.12.27"]

1. e4 e5 2. Nf3 Nc6 3. Bb5 a6 4. Ba4 Nf6 5. O-O Bc5 6. Nc3 b5 7. Bb3 O-O 8. d3
d6 9. h3 Na5 10. Bg5 Nxb3 11. axb3 Bb7 12. Re1 h6 13. Bh4 b4 14. Nb1 Re8 15.
Nbd2 Qd7 16. Nc4 Rad8 17. Na5 Ba8 18. Nc4 Bb7 1/2-1/2